000 00573nam a2200205Ia 4500
005 20250506172940.0
008 008 250505s9999 xx 000 0 eng d
020 _a9780192859822
037 _aTB
040 _aILCL
_beng
_cILCL
041 _aeng
_2eng
082 _qILCL
100 _aVanita, Ruth
245 4 _aThe Dharma of Justice in the Sanskrit Epics: Debates on Gender, Varna and Species
260 _aUnited Kingdom
_bOxford University Press
_c2022
300 _ax,287p.
365 _aINR
942 _cTB
_2Colon Classification
999 _c1312889
_d1312889